000
00224 a2200097 4500
001
1733
100
_a
Chorfas, D.N.
245
_a
Operation research for industrial management
260
_a
_b
Reinhold
_c
090
_c
1269
_d
1269
942
_a
NUST-CAE
_c
M
_c
2991
999
_c
236806
_d
236806